MARC details
| 000 -LEADER |
| fixed length control field |
01075cam a2200217 4500 |
| 001 - CONTROL NUMBER |
| control field |
WB3606-19 |
| 008 - FIXED-LENGTH DATA ELEMENTS--GENERAL INFORMATION |
| fixed length control field |
000000n2000 000 0 eng u |
| 035 ## - SYSTEM CONTROL NUMBER |
| System control number |
(Sirsi) u104125 |
| 245 ## - TITLE STATEMENT |
| Title |
Fair rent |
| 260 ## - PUBLICATION, DISTRIBUTION, ETC. |
| Date of publication, distribution, etc. |
2000 |
| 490 ## - SERIES STATEMENT |
| Series statement |
Estates Gazette Case Summaries |
| Volume/sequential designation |
[2000] EGCS 10 (2) |
| 520 ## - SUMMARY, ETC. |
| Summary, etc. |
"R v SoS Environment, Transport and the Regions and another, ex parte Spath Holme Ltd". CA 20 January 2000. The applicant landlord challenged the validity of the Rent Acts (Maximum Fair Rent) Order 1999 which was made by the first respondent under a 'reserve power' contained in the Landlord and Tenant Act 1985 s31. The applicant landlord claimed that the respondents had exceeded their power to legislate under the reserve power. "Held" The order was quashed. |
| 590 ## - LOCAL NOTE (RLIN) |
| Local note |
WB |
| 650 ## - SUBJECT ADDED ENTRY--TOPICAL TERM |
| Topical term or geographic name entry element |
RENT ACT (MAXIMUM FAIR RENT) ORDER 1999 |
| 650 ## - SUBJECT ADDED ENTRY--TOPICAL TERM |
| Topical term or geographic name entry element |
FAIR RENTS |
| 650 ## - SUBJECT ADDED ENTRY--TOPICAL TERM |
| Topical term or geographic name entry element |
R V SOS ENVIRONMENT AND ANOTHER EX P SPATH HOLME LTD |
| 650 ## - SUBJECT ADDED ENTRY--TOPICAL TERM |
| Topical term or geographic name entry element |
REGULATED TENANCIES |
| 650 ## - SUBJECT ADDED ENTRY--TOPICAL TERM |
| Topical term or geographic name entry element |
LANDLORD AND TENANT ACT 1985 S31 |
| 690 ## - LOCAL SUBJECT ADDED ENTRY--TOPICAL TERM (OCLC, RLIN) |
| Topical term or geographic name as entry element |
PROPERTY-LANDLORD AND TENANT |
| 942 ## - ADDED ENTRY ELEMENTS (KOHA) |
| Suppress in OPAC |
0 |